Henry VIII's specific problems with marriage concerning his religious policies

Henry VIII's problems in his private life interfered with his life as a King to the extent that he made religious decisions in order to solve his private problems. In this thesis I will examine the process and the reasons behind the ending of Henry VIII's first marriage. This work will dis...

Teljes leírás

Elmentve itt :
Bibliográfiai részletek
Szerző: Aszalós Krisztina
További közreműködők: Rusnik Kristina (Témavezető)
Dokumentumtípus: Szakdolgozat
Megjelent: 2001
Tárgyszavak:
Online Access:http://diploma.bibl.u-szeged.hu/76478
LEADER 01230nta a2200169 i 4500
001 dipl76478
005 20190529062500.0
008 190528s2001 hu om 0|| eng d
040 |a SZTE Diploma Repozitórium  |b hun 
041 |a eng 
100 1 |a Aszalós Krisztina 
245 1 0 |a Henry VIII's specific problems with marriage concerning his religious policies  |h [elektronikus dokumentum] /  |c Krisztina Aszalós 
260 |c 2001 
520 3 |a Henry VIII's problems in his private life interfered with his life as a King to the extent that he made religious decisions in order to solve his private problems. In this thesis I will examine the process and the reasons behind the ending of Henry VIII's first marriage. This work will discuss England at the first half of the sixteenth century, the outcomes and the religious effects of Henry VIII's divorce from his first wife, Catherine of Aragon. Furthermore I will discuss the dissolution of the monasteries, how Henry VIII became the Head of the Anglican Church, and how his divorce and religious decisions are connected. 
650 4 |a Pedagógusképzés 
700 1 |a Rusnik Kristina  |e ths 
856 4 0 |u http://diploma.bibl.u-szeged.hu/id/eprint/76478/1/2001_aszalos_krisztina.pdf  |z Dokumentum-elérés